000 00438pab a2200157 454500
008 180718b2008 xxu||||| |||| 00| 0 eng d
100 _aPattanaik, B.K.
245 _aCapacity building of panchayat health committees and rural health care management
260 _c2008
300 _ap.57-64.
362 _aApr-Jun
650 _aHealth services
773 _aIndian Journal of Training and Development
908 _aN
909 _a79689
999 _c79689
_d79689